000 00707cam a2200229 4500
001 ABS62141
008 000000n2000 000 0 eng u
035 _a(Sirsi) u105439
100 _aPearson, A.
245 4 _aThe conquest of space
260 _c2000
490 _aBuilding
_v265(8131) 7 April 2000, 52-53(2)
520 _aExamines the systematic benchmarking system for efficiently designing space in buildings devised by Amec Construction's value management team.
590 _aABS
650 _aBENCHMARKING
650 _aSPACE DESIGN
650 _aERGONOMICS
650 0 _aCELLULAR LAYOUTS
650 _aSPACE PLANNING
690 _aBUILT ENVIRONMENT-CONSTRUCTION DESIGN
942 _n0
999 _c63176
_d63176